| Поле | Название | Значение |
| |
Тип записи |
c |
| |
Библиографический уровень |
m |
| 001 |
Контрольный номер |
RU/УОНБ/EK_N/322863234 |
| 005 |
Дата корректировки |
20250520124729.1 |
| 010 |
Индекс ISBN |
__ |
| 9 |
Тираж |
3700 экз. |
| 013 |
Номер (ISMN) |
__ |
| d |
Цена |
1 р. 55 к. |
| 071 |
Издательские номер (звукозапись и ноты) |
21 |
| a |
Номер, присвоенный агентством |
4443 |
| 100 |
Данные общей обработки |
__ |
| a |
Данные общей обработки |
20130920d1967 u y0rusy0103||||ca |
| 101 |
Язык документа |
0_ |
| a |
Язык текста |
rus |
| f |
Язык титульного листа |
rus |
| 102 |
Страна публикации |
__ |
| a |
Страна публикации |
RU |
| 125 |
Кодированные данные звукозаписи и нотных изданий |
__ |
| a |
Форма изложения нотного текста |
с| |
| 128 |
Кодированные данные (звукозаписи-физические характеристики) |
__ |
| a |
Кодированные данные: Музыкальная форма и тональность или лад |
ar |
| a |
Кодированные данные: Музыкальная форма и тональность или лад |
li |
| c |
Инструменты или голоса, рекомендуемые для солистов (устаревшее) |
vf|| |
| c |
Инструменты или голоса, рекомендуемые для солистов (устаревшее) |
ka|| |
| 200 |
Заглавие и сведения об ответственности |
1_ |
| a |
Заглавие |
Арии, романсы и песни из репертуара М. Рейзена |
| b |
Общее обозначение материала |
[Ноты] |
| e |
Сведения, относящиеся к заглавию |
для баса в сопровожд. фп. |
| f |
Первые сведения об ответственности |
исп. М. О. Рейзен |
| g |
Последующие сведения об ответственности |
сост. и авт. предисл. С. Л. Трегубов |
| 210 |
Выходные данные |
1_ |
| a |
Место издания |
Москва |
| c |
Издательство |
Музыка |
| d |
Дата издания |
1967 |
| 215 |
Физическое описание |
__ |
| a |
Объем |
123 c. |
| c |
Иллюстрации/тип воспроизводства |
портр. |
| d |
Формат |
29 см |
| 300 |
Общие примечания |
__ |
| a |
Общие примечания |
Текст на рус., итал и нем. яз. |
| 327 |
Примечание о содержании |
11 |
| a |
Примечание о содержании |
Мусоргский М. Монолог Бориса из оперы "Борис Годунов" ; Песня о блохе : Песня Мефистофеля в погребке Ауэрбаха / сл. из "Фауста" Гете ; пер. А. Струговщикова ; Листья шумели уныло : музыкальный рассказ / сл. А. Плещеева. - Чайковский П. Ариозо короля Рене из оперы "Иоланта" ; Примирение / сл. Н. Щербины. - Бойто А. Баллада Мефистофеля о вселенной из оперы "Мефистофель" / сл. А. Бойто ; пер. Ф. Шаляпина и М. Слонова. - Россини Дж. Ария Дона Базилио из оперы "Севильский цирюльник". - Вагнер Р. Прощание Вотана и заклинание огня из оперы "Валькирия". - Танеев С. Леса дремучие / сл. Ш. Бодлера ; пер. Эллиса ; Не ветер, вея с высоты / сл. А. Толстой. - Римский-Корсаков Н. Пророк : ариозо / сл. А. Пушкина. - Бородин А. Для берегов отчизны дальной : романс / сл. А. Пушкина. - Бетховен Л. Дай мне под камнем могильным : ариетта ; Песня Мефистофеля о блохе : из "Фауста" Гете / пер. Евг. Геркена. - Шуберт Ф. Седины / сл. В. Мюллера ; Приют / сл. Релльштаба ; пер. Ф. Берга. - Шуман Р. Когда в глаза тебе взгляну / сл. Г. Гейне ; пер. Г. Лишина ; Во сне я горько плакал / сл. Г. Гейне ; пер. М. Михайлова. - Брамс И. Ода Сафо / сл. Г. Шмидта. - Кабалевский Д. Когда на суд безмолвных, тайных дум / сл. В. Шекспира ; пер. С. Маршака. - Дунаевский Д. Песня о Родине / сл. В. Лебедева-Кумача. - Хренников Т. Но дело не в этом, друзья! : Песня из кф. "В шесть часов вечера после войны" / сл. В. Гусева. - Мокроусов Б. Заветный камень : Черноморская легенда / сл. А. Жарова. |
| 464 |
Аналитический уровень |
_0 |
| 1 |
|
2001 |
| a |
|
Монолог Бориса |
| e |
|
из оперы "Борис Годунов" |
| 1 |
|
50010 |
| a |
|
Борис Годунов |
| 464 |
Аналитический уровень |
_0 |
| 1 |
|
2001 |
| a |
|
Песня о блохе |
| e |
|
Песня Мефистофеля в погребке Ауэрбаха |
| e |
|
Жил-был король когда-то... |
| 1 |
|
702 1 |
| a |
|
Гете |
| b |
|
Г. |
| 4 |
|
520 |
| 1 |
|
702 1 |
| a |
|
Струговщиков |
| b |
|
А. |
| 4 |
|
730 |
| 1 |
|
50010 |
| a |
|
Фауст |
| 464 |
Аналитический уровень |
_0 |
| 1 |
|
2001 |
| a |
|
Листья шумели уныло |
| e |
|
Листья шумели уныло... |
| e |
|
музыкальный рассказ |
| 1 |
|
702 1 |
| a |
|
Плещеев |
| b |
|
А. |
| 4 |
|
520 |
| 1 |
|
50010 |
| a |
|
Юные годы |
| 464 |
Аналитический уровень |
_0 |
| 1 |
|
2001 |
| a |
|
Ариозо короля Рене |
| e |
|
Что скажет он... |
| e |
|
из оперы "Иоланта" |
| 1 |
|
50010 |
| a |
|
Иоланта |
| 464 |
Аналитический уровень |
_0 |
| 1 |
|
2001 |
| a |
|
Примирение |
| e |
|
О, засни, мое сердце, глубоко... |
| 1 |
|
702 1 |
| a |
|
Щербина |
| b |
|
Н. |
| 4 |
|
520 |
| 464 |
Аналитический уровень |
_0 |
| 1 |
|
2001 |
| a |
|
Баллада Мефистофеля о вселенной |
| e |
|
Вот он мир, вот шар презренный... |
| e |
|
из оперы "Мефистофель" |
| 1 |
|
702 1 |
| a |
|
Бойто |
| b |
|
А. |
| 4 |
|
520 |
| 1 |
|
702 1 |
| a |
|
Шаляпин |
| b |
|
Ф. |
| 4 |
|
730 |
| 1 |
|
702 1 |
| a |
|
Слонов |
| b |
|
М. |
| 4 |
|
730 |
| 1 |
|
50010 |
| a |
|
Мефистофель |
| 464 |
Аналитический уровень |
_0 |
| 1 |
|
2001 |
| a |
|
Ария дона Базилио |
| e |
|
Клевета вначале сладко... |
| e |
|
из оперы "Севильский цирюльник" |
| 1 |
|
50010 |
| a |
|
Севильский цирюльник |
| 464 |
Аналитический уровень |
_0 |
| 1 |
|
2001 |
| a |
|
Прощание Вотана и заклинание огня |
| e |
|
Прости, о друг мой... |
| e |
|
из оперы "Валькирия" |
| 1 |
|
50010 |
| a |
|
Валькирия |
| 464 |
Аналитический уровень |
_0 |
| 1 |
|
2001 |
| a |
|
Леса дремучие |
| e |
|
Леса дремучие, вы мрачны... |
| 1 |
|
702 1 |
| a |
|
Бодлер |
| b |
|
Ш. |
| 4 |
|
520 |
| 1 |
|
702 1 |
| a |
|
Эллис |
| 4 |
|
730 |
| 464 |
Аналитический уровень |
_0 |
| 1 |
|
2001 |
| a |
|
Не ветер, вея с высоты |
| e |
|
Не ветер, вея с высоты... |
| 1 |
|
702 1 |
| a |
|
Толстая |
| b |
|
А. |
| 4 |
|
520 |
| 464 |
Аналитический уровень |
_0 |
| 1 |
|
2001 |
| a |
|
Пророк |
| e |
|
Духовной жаждою томим... |
| e |
|
ариозо |
| 1 |
|
702 1 |
| a |
|
Пушкин |
| b |
|
А. |
| 4 |
|
520 |
| 464 |
Аналитический уровень |
_0 |
| 1 |
|
2001 |
| a |
|
Для берегов отчизны дальной |
| e |
|
Для берегов отчизны дальной... |
| e |
|
романс |
| 1 |
|
702 1 |
| a |
|
Пушкин |
| b |
|
А. |
| 4 |
|
520 |
| 464 |
Аналитический уровень |
_0 |
| 1 |
|
2001 |
| a |
|
Дай мне под камнем могильным |
| e |
|
Дай мне под камнем могильным... |
| e |
|
ариетта |
| 464 |
Аналитический уровень |
_0 |
| 1 |
|
2001 |
| a |
|
Седины |
| e |
|
Украсил волосы мои... |
| 1 |
|
702 1 |
| a |
|
Мюллер |
| b |
|
В. |
| 4 |
|
520 |
| 464 |
Аналитический уровень |
_0 |
| 1 |
|
2001 |
| a |
|
Приют |
| e |
|
Бурный поток, чаща лесов... |
| 1 |
|
702 1 |
| a |
|
Релльштаб |
| b |
|
Л. |
| 4 |
|
520 |
| 1 |
|
702 1 |
| a |
|
берг |
| b |
|
Ф. |
| 4 |
|
730 |
| 464 |
Аналитический уровень |
_0 |
| 1 |
|
2001 |
| a |
|
Когда в глаза тебе взгляну |
| e |
|
Когда в глаза тебе взгляну... |
| 1 |
|
702 1 |
| a |
|
Гейне |
| b |
|
Г. |
| 4 |
|
520 |
| 1 |
|
702 1 |
| a |
|
Лишин |
| b |
|
Г. |
| 4 |
|
730 |
| 464 |
Аналитический уровень |
_0 |
| 1 |
|
2001 |
| a |
|
Во сне я горько плакал |
| e |
|
Во сне я горько плакал... |
| 1 |
|
702 1 |
| a |
|
Гейне |
| b |
|
Г. |
| 4 |
|
520 |
| 1 |
|
702 1 |
| a |
|
Михайлов |
| b |
|
М. |
| 4 |
|
730 |
| 464 |
Аналитический уровень |
_0 |
| 1 |
|
2001 |
| a |
|
Ода Сафо |
| e |
|
Розы рвал я ночью... |
| 1 |
|
702 1 |
| a |
|
Шмидт |
| b |
|
Г. |
| 4 |
|
520 |
| 464 |
Аналитический уровень |
_0 |
| 1 |
|
2001 |
| a |
|
Когда на суд безмолвных, тайных дум |
| e |
|
Когда на суд безмолвных, тайных дум... |
| 1 |
|
702 1 |
| a |
|
Шекспир |
| b |
|
В. |
| 4 |
|
520 |
| 1 |
|
702 1 |
| a |
|
Маршак |
| b |
|
С. |
| 4 |
|
730 |
| 464 |
Аналитический уровень |
_0 |
| 1 |
|
2001 |
| a |
|
Песня о Родине |
| e |
|
Широка страна моя родная... |
| 1 |
|
702 1 |
| a |
|
Лебедев-Кумач |
| b |
|
В. |
| 4 |
|
520 |
| 464 |
Аналитический уровень |
_0 |
| 1 |
|
2001 |
| a |
|
Но дело не в этом, друзья! |
| e |
|
За мирною чаркою долгие ночи... |
| e |
|
из кф. "В шесть часов вечера после войны" |
| 1 |
|
702 1 |
| a |
|
Гусев |
| b |
|
В. |
| 4 |
|
520 |
| 1 |
|
50010 |
| a |
|
В шесть часов вечера после войны |
| 464 |
Аналитический уровень |
_0 |
| 1 |
|
2001 |
| a |
|
Заветный камень |
| e |
|
Холодные волны вздымают лавиной... |
| e |
|
Черноморская легенда |
| 1 |
|
702 1 |
| a |
|
Жаров |
| b |
|
А. |
| 4 |
|
520 |
| 464 |
Аналитический уровень |
_0 |
| 1 |
|
700 1 |
| a |
|
Мусоргский |
| b |
|
М. П. |
| g |
|
Модест Петрович |
| 464 |
Аналитический уровень |
_0 |
| 1 |
|
700 1 |
| a |
|
Чайковский |
| b |
|
П. И. |
| g |
|
Петр Ильич |
| 464 |
Аналитический уровень |
_0 |
| 1 |
|
700 1 |
| a |
|
Бойто |
| b |
|
А. |
| 464 |
Аналитический уровень |
_0 |
| 1 |
|
700 1 |
| a |
|
Россини |
| b |
|
Дж. |
| g |
|
Джоаккино |
| 464 |
Аналитический уровень |
_0 |
| 1 |
|
700 1 |
| a |
|
Вагнер |
| b |
|
Р. |
| g |
|
Рихард |
| 464 |
Аналитический уровень |
_0 |
| 1 |
|
700 1 |
| a |
|
Танеев |
| b |
|
С. И. |
| g |
|
Сергей Иванович |
| 464 |
Аналитический уровень |
_0 |
| 1 |
|
700 1 |
| a |
|
Римский-Корсаков |
| b |
|
Н. А. |
| g |
|
Николай Андреевич |
| 464 |
Аналитический уровень |
_0 |
| 1 |
|
700 1 |
| a |
|
Бородин |
| b |
|
А. П. |
| g |
|
Александр Порфирьевич |
| 464 |
Аналитический уровень |
_0 |
| 1 |
|
700 1 |
| a |
|
Бетховен |
| b |
|
Л. |
| g |
|
Людвиг |
| 464 |
Аналитический уровень |
_0 |
| 1 |
|
700 1 |
| a |
|
Гете |
| b |
|
В. |
| 464 |
Аналитический уровень |
_0 |
| 1 |
|
700 1 |
| a |
|
Шуберт |
| b |
|
Ф. |
| g |
|
Франц |
| 464 |
Аналитический уровень |
_0 |
| 1 |
|
700 1 |
| a |
|
Шуман |
| b |
|
Р. |
| g |
|
Роберт |
| 464 |
Аналитический уровень |
_0 |
| 1 |
|
700 1 |
| a |
|
Брамс |
| b |
|
И. |
| g |
|
Иоганнес |
| 464 |
Аналитический уровень |
_0 |
| 1 |
|
700 1 |
| a |
|
Кабалевский |
| b |
|
Д. Б. |
| g |
|
Дмитрий Борисович |
| 464 |
Аналитический уровень |
_0 |
| 1 |
|
700 1 |
| a |
|
Хренников |
| b |
|
Т. Н. |
| g |
|
Тихон Николаевич |
| 464 |
Аналитический уровень |
_0 |
| 1 |
|
700 1 |
| a |
|
Мокроусов |
| b |
|
Б. |
| 464 |
Аналитический уровень |
_0 |
| 1 |
|
700 1 |
| a |
|
Дунаевский |
| b |
|
И. О. |
| g |
|
Исаак Осипович |
| 464 |
Аналитический уровень |
_0 |
| 1 |
|
2001 |
| a |
|
Песня Мефистофеля о блохе |
| e |
|
Жил-был король когда-то... |
| 1 |
|
702 1 |
| a |
|
Гете |
| b |
|
Г. |
| 4 |
|
520 |
| 1 |
|
702 1 |
| a |
|
Геркен |
| b |
|
Евг. |
| 4 |
|
730 |
| 1 |
|
50010 |
| a |
|
Фауст |
| 512 |
Заглавие обложки |
1_ |
| a |
Заглавие обложки |
Арии, романсы и песни из репертуара М. Рейзена |
| 600 |
Персоналии |
_1 |
| a |
Персоналии (Фамилия) |
Рейзен М. О. |
| 606 |
Тематические рубрики |
0_ |
| a |
Основная рубрика |
Камерные произведения вокальные |
| x |
Основная подрубрика |
Романсы |
| x |
Основная подрубрика |
Песни |
| x |
Основная подрубрика |
Концертные произведения вокальные |
| x |
Основная подрубрика |
Отрывки из опер |
| 606 |
Тематические рубрики |
0_ |
| a |
Основная рубрика |
Из репертуара |
| x |
Основная подрубрика |
Бас (голос) |
| 686 |
Индексы других классификаций |
__ |
| a |
Классификационный индекс |
85.943.3-42я43 |
| 2 |
Код системы |
rubbk |
| 686 |
Индексы других классификаций |
__ |
| a |
Классификационный индекс |
85.943.8 |
| 2 |
Код системы |
rubbk |
| 702 |
Вторичная интеллектуальная ответственность |
_1 |
| a |
Фамилия |
Рейзен |
| b |
Имя (инициалы) |
М. О. |
| g |
Полное личное имя |
Марк Осипович |
| 4 |
Код отношения |
590 |
| 702 |
Вторичная интеллектуальная ответственность |
_1 |
| a |
Фамилия |
Трегубов |
| b |
Имя (инициалы) |
С. Л. |
| g |
Полное личное имя |
Семен Львович |
| 4 |
Код отношения |
080 |
| 4 |
Код отношения |
220 |
| 801 |
Источник записи |
_0 |
| a |
Страна |
RU |
| b |
Организация |
Ульяновская государственная областная научная библиотека им. В. И. Ленина |
| c |
Дата составления |
20130920 |
| g |
Правила каталогизации |
PSBO |
| 801 |
Источник записи |
_1 |
| a |
Страна |
RU |
| b |
Организация |
Ульяновская государственная областная научная библиотека им.В.И.Ленина |
| c |
Дата составления |
20130920 |
| 901 |
Тип документа |
__ |
| t |
Тип документа |
m |
| 909 |
Создатель записи |
__ |
| a |
Создатель записи |
Зиновьева Г. А. |
| 938 |
Служебная информация |
__ |
| a |
Имя БД |
noti |
| b |
Имя библиотеки |
УОНБ |
| c |
Имя АИБС |
МАРК-SQL |
| d |
Номер DOC_ID в БД |
4956 |